000 00758nam a2200241 i 4500
001 182492
003 ES-MaACL
005 20240508112537.0
008 130905s1981 sp |||| | spa d
020 _a84-300-6120-7
080 _a821.134.2-1"19"(082.2)
245 0 0 _aAntología-homenaje a Juan Ramón Jiménez.
250 _a[1ª ed.].
260 _aMadrid :
_bTaller Prometeo de Poesía Nueva,
_c1981.
300 _a91 p., 4 h. ;
_c22 cm.
490 1 _aColección Poesía Nueva ;
_v9-10
500 _aÍndice.
650 4 _aPoesías españolas-
_yS.XX.
_916221
830 0 _aColección "Poesía nueva" (Asociación Prometeo de Poesía) ;
_v9-10
_9181808
852 _aES-MaACL
_j2326-F-14
942 _2udc
999 _c182492
_d182492